| Tag |
First Indicator |
Second Indicator |
Subfields |
| LEADER |
00000cam a2200000 a 4500 |
| 001 |
in00000074057 |
| 005 |
20151008060147.0 |
| 008 |
711103s1940 nyu 00011 eng d |
| 035 |
|
|
|a (OCoLC)00168191
|
| 035 |
|
|
|9 AAJ5219AM
|
| 040 |
|
|
|c YNG
|d TXA
|d UtOrBLW
|
| 049 |
|
|
|a TXAM
|c [800838]
|
| 090 |
|
|
|a PS3507.O7573
|b .I53 1940a
|
| 100 |
1 |
|
|a Douglas, Lloyd C.
|q (Lloyd Cassel),
|d 1877-1951.
|
| 245 |
1 |
0 |
|a Invitation to live /
|c by Lloyd C. Douglas.
|
| 264 |
|
1 |
|a New York :
|b Grosset and Dunlap,
|c [1940]
|
| 264 |
|
4 |
|c ©1940
|
| 300 |
|
|
|a 303 pages ;
|c 21 cm.
|
| 336 |
|
|
|a text
|b txt
|2 rdacontent
|
| 337 |
|
|
|a unmediated
|b n
|2 rdamedia
|
| 338 |
|
|
|a volume
|b nc
|2 rdacarrier
|
| 999 |
|
|
|a MARS
|
| 999 |
f |
f |
|s cf64eaf0-1bd1-33f2-b62e-feb0b9296f13
|i d3d6504b-e3b5-352a-8944-96ba0ec198b5
|t 0
|
| 952 |
f |
f |
|p ric
|a Texas A&M University
|b Rellis Campus
|c Joint Library Facility
|d Remote Storage
|t 0
|e PS3507.O7573 .I53 1940a
|h Library of Congress classification
|i unmediated -- volume
|m A14806190486
|
| 998 |
f |
f |
|a PS3507.O7573 .I53 1940a
|t 0
|l Remote Storage
|